Luv Resval-Ballade Nocturne III - Statistiques

Statistiques générales
  • Ce quiz a été pris 81 fois
    80 depuis la dernière actualisation
  • Le résultat moyen est 257 sur 497
Statistiques - réponses
Réponse % Correct
de
94%
a-ç
92%
dans
92%
la
92%
92%
la
92%
a
91%
à
91%
des
91%
un
91%
danse
89%
dernière
89%
et
89%
et
89%
étoiles
89%
ou
87%
87%
ou
87%
ce
85%
chez
85%
le
85%
on
85%
se
85%
toi
85%
capté
81%
soir
81%
j'ai
79%
me
79%
s'est
79%
au
77%
c'est
77%
coin
75%
moi
75%
est
74%
je
74%
qui
74%
y
74%
fois
72%
mes
72%
ne
72%
jazz
70%
les
70%
ma
70%
une
70%
ceux
68%
mois
68%
plane
68%
trainé
68%
dessus
66%
jouent
66%
y'a
66%
négros
64%
Bali
62%
femme
62%
juste
62%
que
62%
leur
60%
Paris
60%
sur
60%
sûr
60%
tu
60%
balade
58%
elle
58%
lois
58%
musique
58%
plage
58%
revu
58%
pour
57%
rue
57%
sa
57%
regard
55%
R.E.S
55%
si
55%
en
53%
il
53%
plus
53%
comme
51%
mon
51%
ciel
49%
luv
49%
mais
49%
regarde
49%
pas
47%
autre
45%
bénef
45%
dit
45%
génèse
45%
stylo
45%
ton
45%
céleste
43%
encore
43%
nous
43%
va
43%
chéri
42%
du
42%
eux
42%
fabrique
42%
fabriqué
42%
j"étais
42%
j'étais
42%
sans
42%
temps
42%
élève
40%
fumé
40%
fume
40%
plaine
40%
toits
40%
anciens
38%
comprennent
38%
délaissera
38%
demi
38%
d'un
38%
élèves
38%
j'éclate
38%
monde
38%
notif
38%
rides
38%
rime
38%
soleil
38%
chante
36%
d'Anakin
36%
faut
36%
front
36%
idées
36%
lame
36%
m'éloigne
36%
partie
36%
pense
36%
t'écorcher
36%
t'es
36%
val
36%
dessine
34%
Dieu
34%
j'suis
34%
mélodie
34%
noires
34%
resval
34%
seras
34%
shoot
34%
son
34%
tel
34%
ami
32%
aura
32%
corps
32%
Darryl
32%
fautifs
32%
fusée
32%
l'ancienne
32%
mienne
32%
motif
32%
parfois
32%
peau
32%
visage
32%
Atlas
30%
Chapman
30%
désire
30%
devient
30%
fait
30%
lancement
30%
même
30%
merci
30%
peu
30%
porter
30%
pourrait
30%
ressemble
30%
roquette
30%
t'emmène
30%
trois
30%
abrite
28%
casino
28%
diable
28%
d'pansement
28%
j'espère
28%
j'y
28%
Nas
28%
prometh
28%
rappe
28%
sirop
28%
troncs
28%
belles
26%
dunes
26%
elles
26%
j'arrive
26%
Jess James
26%
j'regarde
26%
j'te
26%
matte
26%
mis
26%
patron
26%
quand
26%
salade
26%
thunes
26%
tronche
26%
c'était
25%
femmes
25%
franchement
25%
l'horizon
25%
maton
25%
m'entend
25%
nuages
25%
puissant
25%
qu'il
25%
rré-bou
25%
sont
25%
audi
23%
bateau
23%
beaucoup
23%
dire
23%
etrangement
23%
gala
23%
journée
23%
l'dis
23%
matin
23%
oseille
23%
parle
23%
pressing
23%
caresse
21%
célestes
21%
celui
21%
d'dérangement
21%
faire
21%
ils
21%
quattro
21%
rase
21%
renard
21%
réponds
21%
rousse
21%
taré
21%
bâton
19%
boule
19%
confonds
19%
drague
19%
entouré
19%
font
19%
jaune
19%
l'ami
19%
Maverick
19%
nuits
19%
oiseaux
19%
refaire
19%
ressortir
19%
sors
19%
barreaux
17%
belleck
17%
blondes
17%
bord
17%
charos
17%
coeurs
17%
croisent
17%
j'lui
17%
féfé
17%
feu-me
17%
j'aime
17%
loopings
17%
l'oseille
17%
mêmes
17%
nos
17%
passes
17%
pourquoi
17%
retourner
17%
rusé
17%
tape
17%
t'ont
17%
450
15%
bourbier
15%
deux
15%
hasch
15%
lexique
15%
Rousseau
15%
snoopy
15%
Tesla
15%
Voltaire
15%
ailleurs
13%
cash
13%
jamais
13%
Léonard
13%
Lucky Luke
13%
qu'rentrer
13%
sac
13%
savage
13%
vitesse
13%
avance
11%
croiser
11%
donc
11%
doucement
11%
invités
11%
pinceau
11%
prendre
11%
sens
11%
trousseau
11%
deuil
9%
létal
9%
Woh
8%
Aucun quiz correspondant
Distribution des résultats
% des personnes avec chaque résultat
Percentile par nombre de réponses
Votre historique - résultats
Vous n’avez pas pris ce quiz depuis la dernière actualisation